Normal view
MARC view
- البلاغة العربية- البيان
Entry Topical Term
001 - CONTROL NUMBER
- control field: 7632
003 - CONTROL NUMBER IDENTIFIER
- control field: JO-AjAnu
005 - DATE AND TIME OF LATEST TRANSACTION
- control field: 20230606071531.0
008 - FIXED-LENGTH DATA ELEMENTS
- fixed length control field: 230606|| aca||aabn | a|a d
040 ## - CATALOGING SOURCE
- Original cataloging agency: JO-AjAnu
- Transcribing agency: JO-AjAnu
150 ## - HEADING--TOPICAL TERM
- Topical term or geographic name entry element: البلاغة العربية- البيان
670 ## - SOURCE DATA FOUND
- Source citation: Work cat.: (JO-AjAnu)3946: اعداد الأسمر راجي؛اشراف إميل يعقوب, author 7631, دليل البلاغة العربية الواضحة: دليل للمعلم يتضمن حلول التمرينات التي اشتمل عليها كتاب البلاغة العربية الواضحة